Tecnologías de información para la industria bancaria: descripción de la oferta internacional

Saved in:
Bibliografiske detaljer
Main Authors: Kovacevic B., Antonio (autor), Cortázar, Gonzalo (Author), Schnoeder, Michael (Author)
Andre forfattere: Majluf Sapag, Nicolás Sergio (autor)
Format: Bog
Sprog:spansk
Udgivet: Santiago Pontificia Universidad Católica de Chile 1988
Serier:Pontificia Universidad Católica de Chile, 288-02
Fag:
Tags: Tilføj Tag
Ingen Tags, Vær først til at tagge denne postø!

MARC

LEADER 00000nam a2200000 a 4500
001 UCX2089
003 CL-VaPUC
008 910318e19880000CL |||||||||||||||||spa|d
082 0 4 |a 332.15  |b KOV  |2 21 
100 |a Kovacevic B., Antonio  |e autor  |9 368932 
700 0 |a Cortázar, Gonzalo  |e author  |9 317891 
700 |a Majluf Sapag, Nicolás Sergio  |e autor  |9 525229 
700 0 |a Schnoeder, Michael  |e author  |9 317893 
245 1 0 |a Tecnologías de información para la industria bancaria: descripción de la oferta internacional 
300 |a 55 p 
942 |c BK 
945 |d 19910318 00:00:00 
260 |a Santiago  |b Pontificia Universidad Católica de Chile  |c 1988 
650 0 |a Bancos internacionales  |9 317894 
650 0 |a Proceso de datos   |9 259776 
650 0 |a Bancos  |9 254963 
650 0 |a Automatización   |9 299909 
650 0 |a Administración  |9 259325 
583 |a last modification  |c 19910318 00:00:00  |k Rodrigo Vera 
490 0 |a Pontificia Universidad Católica de Chile, 288-02 
999 |c 223182  |d 223180 
952 |0 0  |1 0  |2 ddc  |4 0  |6 332_150000000000000_KOV_1988  |7 0  |8 A  |9 218721  |a BIBENE  |b BIBENE  |d 2019-11-15  |i 2875225  |o 332.15 KOV 1988  |p 2875225  |r 2025-01-15  |w 2019-11-15  |y BK  |k ICO